[Event "Titled Tuesday intern op 25th Feb Early"]
[Site "Chess.com INT"]
[Date "2025.02.25"]
[Round "11"]
[White "Barath, Kalyan M"]
[Black "Nadanian, Ashot S"]
[Result "0-1"]
[WhiteElo "2134"]
[BlackElo "2248"]
[PlyCount "74"]
[EventDate "2025.02.25"]
[EventType "swiss (blitz)"]
[EventRounds "11"]
[EventCountry "USA"]
[SourceTitle "CB10_2025"]
[SourceDate "2025.03.05"]
[SourceVersion "1"]
[SourceVersionDate "2025.03.05"]
[SourceQuality "1"]

1. Nf3 d5 2. e3 c5 3. d4 e6 4. Be2 Nf6 5. 0-0 Nc6 6. b3 Be7 7. Bb2 0-0 8. Nbd2 a6 9. c4 cxd4 10. Nxd4 Nxd4 11. Bxd4 Bd7 12. Qc2 Rc8 13. Qb2 Qa5 14. a3 dxc4 15. Nxc4 Qg5 16. Ne5 Bb5 17. Bxb5 axb5 18. Rac1 Nd5 19. b4 Qh5 20. Nf3 Bf6 21. Bxf6 Nxf6 22. Qe5 Qxe5 23. Nxe5 Nd5 24. Nd7 Rfd8 25. Nc5 Rc7 26. Nb3 Rdc8 27. Rxc7 Rxc7 28. Rc1 Rxc1+ 29. Nxc1 Nb6 30. Nb3 Nc4 31. Nc5 b6 32. Nd7 f6 33. Kf1 Kf7 34. Ke2 Ke7 35. Nb8 Kd6 36. Kd3 Kc7 37. Na6+ Kb7 0-1

[Event "Titled Tuesday intern op 25th Feb Early"]
[Site "Chess.com INT"]
[Date "2025.02.25"]
[Round "8"]
[White "Bruhovich, Olexandr"]
[Black "Nadanian, Ashot S"]
[Result "0-1"]
[WhiteElo "2208"]
[BlackElo "2248"]
[PlyCount "72"]
[EventDate "2025.02.25"]
[EventType "swiss (blitz)"]
[EventRounds "11"]
[EventCountry "USA"]
[SourceTitle "CB10_2025"]
[SourceDate "2025.03.05"]
[SourceVersion "1"]
[SourceVersionDate "2025.03.05"]
[SourceQuality "1"]

1. e4 d5 2. exd5 Qxd5 3. Nc3 Qa5 4. Nf3 Nf6 5. Bc4 Bg4 6. h3 Bh5 7. d3 Nc6 8. Bd2 0-0-0 9. Nd5 Qa4 10. Nf4 Bxf3 11. Qxf3 Ne5 12. Qe2 Nxc4 13. b3 Qc6 14. bxc4 e5 15. Nd5 Nxd5 16. cxd5 Qxd5 17. 0-0 Bc5 18. Bc3 f6 19. Rab1 h5 20. Kh1 g5 21. Ba1 g4 22. h4 Rhe8 23. Rb5 f5 24. Re1 Qc6 25. a4 a6 26. Rb3 e4 27. d4 Bxd4 28. Bxd4 Rxd4 29. Reb1 f4 30. a5 f3 31. Qe3 Rd5 32. Qf4 Rxa5 33. Re3 Qxc2 34. Rbe1 Rae5 35. gxf3 Qxf2 36. R3e2 Qxf3+ 0-1

[Event "Titled Tuesday intern op 25th Feb Early"]
[Site "Chess.com INT"]
[Date "2025.02.25"]
[Round "1"]
[White "Nadanian, Ashot S"]
[Black "Li, Hui"]
[Result "1-0"]
[WhiteElo "2248"]
[BlackElo "2055"]
[PlyCount "83"]
[EventDate "2025.02.25"]
[EventType "swiss (blitz)"]
[EventRounds "11"]
[EventCountry "USA"]
[SourceTitle "CB10_2025"]
[SourceDate "2025.03.05"]
[SourceVersion "1"]
[SourceVersionDate "2025.03.05"]
[SourceQuality "1"]

1. e4 e5 2. Nf3 Nf6 3. d3 Nc6 4. Be2 d5 5. Nbd2 Bc5 6. c3 a5 7. 0-0 0-0 8. Qc2 a4 9. Rb1 Re8 10. b4 axb3 11. axb3 Bb6 12. b4 d4 13. c4 Bg4 14. c5 Ba7 15. b5 Ne7 16. h3 Bxf3 17. Nxf3 Ng6 18. Bd2 Nh5 19. g3 Qd7 20. Kh2 h6 21. Rfc1 Nf6 22. Rb3 Qe7 23. c6 bxc6 24. bxc6 Bb6 25. Bb4 Qe6 26. Nd2 Nh7 27. Qc4 Ra2 28. Kg2 Ng5 29. Bg4 Qxc4 30. Nxc4 Ne6 31. Nxb6 cxb6 32. Bd6 Nc5 33. Rxc5 bxc5 34. c7 Raa8 35. Rb8 h5 36. Rxa8 Rxa8 37. c8Q+ Rxc8 38. Bxc8 c4 39. dxc4 h4 40. Bf5 hxg3 41. fxg3 d3 42. Bb4 1-0

[Event "Titled Tuesday intern op 04th Feb Early"]
[Site "Chess.com INT"]
[Date "2025.02.04"]
[Round "5"]
[White "Adu, Oladapo"]
[Black "Nadanian, Ashot S"]
[Result "1-0"]
[WhiteElo "2076"]
[BlackElo "2248"]
[PlyCount "143"]
[EventDate "2025.02.04"]
[EventType "swiss (blitz)"]
[EventRounds "11"]
[EventCountry "USA"]
[SourceTitle "CB07_2025"]
[SourceDate "2025.02.12"]
[SourceVersion "1"]
[SourceVersionDate "2025.02.12"]
[SourceQuality "1"]

1. e4 c5 2. Nf3 Nc6 3. d3 Nf6 4. Nbd2 e5 5. g3 d5 6. Bg2 d4 7. 0-0 Bd6 8. Nc4 Bc7 9. a4 0-0 10. c3 a6 11. cxd4 cxd4 12. Bd2 Be6 13. Bg5 h6 14. Bxf6 Qxf6 15. Nfd2 b5 16. Na3 Rab8 17. Rc1 Bd7 18. axb5 axb5 19. Nb3 Bd6 20. Nc5 Bxc5 21. Rxc5 b4 22. Nc4 Qe7 23. Rd5 Be6 24. Rd6 Rfc8 25. Rxc6 Rxc6 26. Nxe5 Rc5 27. f4 Rbc8 28. Qa4 Rc1 29. h3 f6 30. Nf3 Rxf1+ 31. Kxf1 Qc5 32. Kg1 Kh7 33. Kh2 Rc7 34. Qe8 Re7 35. Qd8 Rd7 36. Qe8 Qe7 37. Qxe7 Rxe7 38. Nxd4 Ba2 39. Nc6 Rb7 40. d4 b3 41. e5 Bb1 42. d5 Bf5 43. g4 Bd7 44. Nd4 Rb4 45. e6 Ba4 46. Ne2 Rb6 47. Nc3 Be8 48. Kg3 Kg8 49. f5 Kf8 50. Kf4 Ke7 51. Ke3 Kd6 52. Ne4+ Ke5 53. d6 Rxd6 54. Nxd6 Kxd6 55. Kd4 h5 56. Bd5 hxg4 57. hxg4 g6 58. Bxb3 gxf5 59. gxf5 Bh5 60. Bc2 Be2 61. Be4 Bb5 62. b4 Ba4 63. Bd5 Bd1 64. Bc4 Bg4 65. Bd3 Bf3 66. b5 Bb7 67. Be4 Bc8 68. Bc6 Kc7 69. Kc5 Kd8 70. b6 Ba6 71. Kd6 Bc8 72. e7# 1-0

[Event "Titled Tuesday intern op 04th Feb Early"]
[Site "Chess.com INT"]
[Date "2025.02.04"]
[Round "3"]
[White "Aronian, Levon"]
[Black "Nadanian, Ashot S"]
[Result "1-0"]
[WhiteElo "2745"]
[BlackElo "2248"]
[PlyCount "79"]
[EventDate "2025.02.04"]
[EventType "swiss (blitz)"]
[EventRounds "11"]
[EventCountry "USA"]
[SourceTitle "CB07_2025"]
[SourceDate "2025.02.12"]
[SourceVersion "1"]
[SourceVersionDate "2025.02.12"]
[SourceQuality "1"]

1. c4 e6 2. Nf3 d5 3. e3 Nf6 4. b3 c5 5. Bb2 Nc6 6. cxd5 exd5 7. Bb5 Bd6 8. 0-0 0-0 9. h3 Bf5 10. d4 a6 11. Bxc6 bxc6 12. dxc5 Bxc5 13. Nd4 Bd7 14. Qc2 Ba7 15. Nd2 Rc8 16. Rfd1 Re8 17. Rac1 Bb8 18. N4f3 c5 19. Qd3 Bb5 20. Qf5 Bd7 21. Qg5 Be6 22. Bxf6 Qxf6 23. Qxf6 gxf6 24. Nb1 Red8 25. Nc3 Kf8 26. Rd2 Bc7 27. Na4 Bd6 28. Rdc2 c4 29. Nd4 Ba3 30. Rd1 cxb3 31. axb3 Rxc2 32. Nxc2 Be7 33. Nd4 Rb8 34. Rc1 Bd7 35. Nc5 Ke8 36. Nxa6 Rb7 37. Nc7+ Kd8 38. Nxd5 Ba3 39. Ra1 Ra7 40. Nxf6 1-0

[Event "Titled Tuesday intern op 04th Feb Early"]
[Site "Chess.com INT"]
[Date "2025.02.04"]
[Round "2"]
[White "Nadanian, Ashot S"]
[Black "Olhovik, Andrei"]
[Result "1-0"]
[WhiteElo "2248"]
[BlackElo "2282"]
[PlyCount "63"]
[EventDate "2025.02.04"]
[EventType "swiss (blitz)"]
[EventRounds "11"]
[EventCountry "USA"]
[SourceTitle "CB07_2025"]
[SourceDate "2025.02.12"]
[SourceVersion "1"]
[SourceVersionDate "2025.02.12"]
[SourceQuality "1"]

1. e4 c5 2. d3 g6 3. g3 Bg7 4. Bg2 Nc6 5. f4 e6 6. Nf3 Nge7 7. c3 d5 8. 0-0 dxe4 9. dxe4 Qxd1 10. Rxd1 b6 11. e5 Bb7 12. Na3 Rd8 13. Be3 Nf5 14. Bf2 h5 15. h3 Ke7 16. g4 hxg4 17. hxg4 Nh6 18. Bh4+ Ke8 19. Nb5 Rb8 20. Nd6+ Kf8 21. Nxb7 Rxb7 22. Ng5 Rb8 23. Bxc6 Nxg4 24. Nf3 Ne3 25. Rd7 Nf5 26. Bf2 Kg8 27. Kg2 a5 28. a4 Bf8 29. Rad1 Be7 30. Be4 Kf8 31. Ra7 b5 32. Rdd7 1-0

[Event "Titled Tuesday intern op 14th Jan Early"]
[Site "Chess.com INT"]
[Date "2025.01.14"]
[Round "6"]
[White "Eilers, Stefan"]
[Black "Nadanian, Ashot S"]
[Result "1/2-1/2"]
[WhiteElo "2280"]
[BlackElo "2248"]
[PlyCount "103"]
[EventDate "2025.01.14"]
[EventType "swiss (blitz)"]
[EventRounds "11"]
[EventCountry "USA"]
[SourceTitle "CB04_2025"]
[SourceDate "2025.01.22"]
[SourceVersion "1"]
[SourceVersionDate "2025.01.22"]
[SourceQuality "1"]

1. Nf3 d5 2. e3 c5 3. b3 Nc6 4. Bb2 f6 5. d4 cxd4 6. Nxd4 e5 7. Nxc6 bxc6 8. c4 Bb4+ 9. Bc3 Qa5 10. Qd2 Rb8 11. Bxb4 Qxb4 12. Qxb4 Rxb4 13. Nc3 Ne7 14. cxd5 cxd5 15. 0-0-0 Be6 16. Kb2 Kf7 17. Nb5 Bd7 18. Nc3 Bc6 19. Rd2 Rhb8 20. Be2 d4 21. exd4 exd4 22. Nb1 Bxg2 23. Rhd1 Nc6 24. Na3 Be4 25. f3 Bf5 26. Bd3 Bxd3 27. Rxd3 Rd8 28. Nc2 Rb5 29. Nxd4 Nxd4 30. Rxd4 Rxd4 31. Rxd4 Ke6 32. Ra4 Rf5 33. Rxa7 Rxf3 34. Rxg7 Rf2+ 35. Kc3 Rxh2 36. a4 h5 37. a5 Ra2 38. Kb4 f5 39. Rh7 f4 40. Rxh5 f3 41. Rh3 Rf2 42. a6 Ke5 43. a7 Ra2 44. Rh5+ Kd4 45. Ra5 Rxa5 46. Kxa5 f2 47. a8Q f1Q 48. Qa7+ Kc3 49. Qc7+ Kxb3 50. Qb6+ Ka2 51. Qe6+ Ka3 52. Qd6+ 1/2-1/2

[Event "Titled Tuesday intern op 14th Jan Early"]
[Site "Chess.com INT"]
[Date "2025.01.14"]
[Round "7"]
[White "Nadanian, Ashot S"]
[Black "Avramidou, Anastasia"]
[Result "1-0"]
[WhiteElo "2248"]
[BlackElo "2276"]
[PlyCount "137"]
[EventDate "2025.01.14"]
[EventType "swiss (blitz)"]
[EventRounds "11"]
[EventCountry "USA"]
[SourceTitle "CB04_2025"]
[SourceDate "2025.01.22"]
[SourceVersion "1"]
[SourceVersionDate "2025.01.22"]
[SourceQuality "1"]

1. e4 g6 2. d3 Bg7 3. f4 d6 4. g3 c5 5. Bg2 Nc6 6. Nf3 Nf6 7. 0-0 0-0 8. c3 Rb8 9. a4 Qc7 10. Qe2 a6 11. Na3 b5 12. axb5 axb5 13. Nc2 b4 14. e5 Ne8 15. d4 bxc3 16. bxc3 Bf5 17. Ne3 Be4 18. Rd1 cxd4 19. cxd4 Qb6 20. Qd2 Nc7 21. Kh1 dxe5 22. fxe5 Rfd8 23. Nc2 Qb3 24. Nce1 Nb4 25. Ra3 Qd5 26. Rc3 Ne6 27. Ba3 Nc6 28. Bc5 Rbc8 29. Bb6 Rd7 30. h4 h6 31. Kh2 Rb8 32. Bc5 Ra8 33. Ng1 Ra2 34. Nc2 Bxg2 35. Qxg2 Qxg2+ 36. Kxg2 Nxc5 37. Rxc5 Nxd4 38. Rd2 e6 39. Nf3 Rxc2 40. Rcxc2 Nxc2 41. Rxd7 Ne3+ 42. Kf2 Nc4 43. Rd8+ Kh7 44. Rd7 Kh8 45. Rxf7 Kg8 46. Ra7 Nxe5 47. Nxe5 Bxe5 48. Kf3 Kf8 49. Rb7 Kg8 50. g4 Kf8 51. Ke4 Bg3 52. h5 gxh5 53. gxh5 Kg8 54. Kf3 Bh4 55. Kg4 Bg5 56. Rc7 Kf8 57. Ra7 Kg8 58. Kf3 Kf8 59. Ke4 Bf6 60. Ra6 Ke7 61. Ra7+ Kd6 62. Rh7 Bg5 63. Rg7 Bc1 64. Rg6 Bd2 65. Rg2 Bc1 66. Rg1 Bg5 67. Rxg5 hxg5 68. h6 Ke7 69. h7 1-0

[Event "Yerevan Vaganian Cup Blitz"]
[Site "Yerevan"]
[Date "2024.11.09"]
[Round "2"]
[White "Nadanian, Ashot S"]
[Black "Kalantaryan, Norayr"]
[Result "1-0"]
[WhiteElo "2248"]
[BlackElo "2383"]
[PlyCount "65"]
[EventDate "2024.11.09"]
[EventType "tourn (blitz)"]
[EventRounds "14"]
[EventCountry "ARM"]
[EventCategory "6"]
[SourceTitle "CB45_2024"]
[Source "ChessBase"]
[SourceDate "2024.11.06"]
[SourceVersion "1"]
[SourceVersionDate "2024.11.06"]
[SourceQuality "1"]

1. e4 Nc6 2. Nf3 d6 3. d4 Nf6 4. Nc3 Bg4 5. Be2 e6 6. h3 Bh5 7. Be3 Be7 8. Qd2 d5 9. exd5 exd5 10. Ne5 Bxe2 11. Qxe2 0-0 12. 0-0 Re8 13. Qb5 Qd6 14. f4 Nb4 15. Qe2 c6 16. a3 Na6 17. Qf3 Nd7 18. Qg4 Rad8 19. Rae1 Nc7 20. f5 Bf6 21. Nf3 Nb5 22. Bf4 Qf8 23. Nxb5 cxb5 24. Ne5 b4 25. axb4 Bxe5 26. dxe5 Qxb4 27. Kh2 f6 28. e6 Nf8 29. Qg3 Re7 30. Bc7 Rde8 31. Bd6 Qxb2 32. Bxe7 Rxe7 33. Qd6 1-0

[Event "Yerevan Vaganian Cup Rapid"]
[Site "Yerevan"]
[Date "2024.11.08"]
[Round "7"]
[White "Nadanian, Ashot S"]
[Black "Khalikian, Ovik"]
[Result "1-0"]
[WhiteElo "2248"]
[BlackElo "2325"]
[PlyCount "33"]
[EventDate "2024.11.06"]
[EventType "tourn (rapid)"]
[EventRounds "7"]
[EventCountry "ARM"]
[EventCategory "6"]
[SourceTitle "CB45_2024"]
[Source "ChessBase"]
[SourceDate "2024.11.06"]
[SourceVersion "1"]
[SourceVersionDate "2024.11.06"]
[SourceQuality "1"]

1. e4 e5 2. Nf3 d6 3. d4 Nd7 4. Bc4 Be7 5. dxe5 Nxe5 6. Nxe5 dxe5 7. Qh5 g6 8. Qxe5 Nf6 9. Bh6 Qd6 10. Qxd6 cxd6 11. Nc3 a6 12. Rd1 Bd7 13. f3 Rg8 14. Bf4 b5 15. Bb3 b4 16. Na4 Rd8 17. Bxd6 1-0

[Event "Yerevan Vaganian Cup Rapid"]
[Site "Yerevan"]
[Date "2024.11.08"]
[Round "6"]
[White "Vaganian, Rafael A"]
[Black "Nadanian, Ashot S"]
[Result "1/2-1/2"]
[WhiteElo "2449"]
[BlackElo "2248"]
[PlyCount "36"]
[EventDate "2024.11.06"]
[EventType "tourn (rapid)"]
[EventRounds "7"]
[EventCountry "ARM"]
[EventCategory "6"]
[SourceTitle "CB45_2024"]
[Source "ChessBase"]
[SourceDate "2024.11.06"]
[SourceVersion "1"]
[SourceVersionDate "2024.11.06"]
[SourceQuality "1"]

1. d4 d5 2. c4 c6 3. Nf3 Nf6 4. Nc3 dxc4 5. a4 Bf5 6. Ne5 Nbd7 7. Nxc4 Nb6 8. Ne3 e6 9. a5 Nbd5 10. a6 b5 11. Nxf5 exf5 12. g3 Bb4 13. Qd3 Ne4 14. Bd2 Bxc3 15. bxc3 0-0 16. Bg2 Re8 17. 0-0 Qd7 18. Rfb1 Nb6 1/2-1/2

[Event "Abu Dhabi Masters Online"]
[Site "Chess.com INT"]
[Date "2024.08.21"]
[Round "11"]
[White "Adhiban, Baskaran"]
[Black "Nadanian, Ashot S"]
[Result "1-0"]
[WhiteElo "2532"]
[BlackElo "2248"]
[PlyCount "43"]
[EventDate "2024.08.21"]
[EventType "swiss (blitz)"]
[EventRounds "11"]
[EventCountry "UAE"]
[SourceTitle "CBM 221 Extra"]
[Source "ChessBase"]
[SourceDate "2024.09.30"]
[SourceVersion "1"]
[SourceVersionDate "2024.09.30"]
[SourceQuality "1"]

1. b3 e5 2. Bb2 Nc6 3. c4 Nf6 4. Nf3 e4 5. Nd4 Bc5 6. Nf5 0-0 7. e3 d5 8. cxd5 Qxd5 9. Ng3 Ne5 10. Nc3 Nd3+ 11. Bxd3 Qxd3 12. Qe2 Qc2 13. Na4 Bg4 14. f3 exf3 15. gxf3 Bxf3 16. Qxf3 Rad8 17. Rd1 Bb4 18. Bxf6 Bxd2+ 19. Kf1 gxf6 20. Ne4 Bxe3 21. Qg2+ Kh8 22. Qxc2 1-0

[Event "Abu Dhabi Masters Online"]
[Site "Chess.com INT"]
[Date "2024.08.21"]
[Round "6"]
[White "Indjic, Aleksandar"]
[Black "Nadanian, Ashot S"]
[Result "1-0"]
[WhiteElo "2610"]
[BlackElo "2248"]
[PlyCount "79"]
[EventDate "2024.08.21"]
[EventType "swiss (blitz)"]
[EventRounds "11"]
[EventCountry "UAE"]
[SourceTitle "CBM 221 Extra"]
[Source "ChessBase"]
[SourceDate "2024.09.30"]
[SourceVersion "1"]
[SourceVersionDate "2024.09.30"]
[SourceQuality "1"]

1. Nf3 d5 2. e3 Nf6 3. c4 e6 4. Nc3 c5 5. cxd5 exd5 6. d4 Nc6 7. Bb5 Bd6 8. 0-0 0-0 9. dxc5 Bxc5 10. b3 Bg4 11. Be2 a6 12. Bb2 Rc8 13. h3 Bh5 14. Nh4 Bxe2 15. Nxe2 Ne4 16. Nf3 Re8 17. Ned4 Qf6 18. Rc1 Qg6 19. Qe2 Ba7 20. Rfd1 Bb8 21. Nxc6 bxc6 22. Qxa6 h5 23. Qe2 Ba7 24. Bd4 c5 25. Ba1 d4 26. Re1 Rcd8 27. exd4 cxd4 28. Qd3 Re6 29. Re2 Nxf2 30. Qxg6 Rxg6 31. Rxf2 d3 32. Kf1 Bxf2 33. Kxf2 Ra6 34. a4 d2 35. Rd1 Rd3 36. Nxd2 Rad6 37. Ke2 R3d5 38. Bc3 Re6+ 39. Kf2 Rf6+ 40. Bxf6 1-0

[Event "Abu Dhabi Masters Online"]
[Site "Chess.com INT"]
[Date "2024.08.21"]
[Round "10"]
[White "Nadanian, Ashot S"]
[Black "Rosh, Jain"]
[Result "1-0"]
[WhiteElo "2248"]
[BlackElo "2131"]
[PlyCount "96"]
[EventDate "2024.08.21"]
[EventType "swiss (blitz)"]
[EventRounds "11"]
[EventCountry "UAE"]
[SourceTitle "CBM 221 Extra"]
[Source "ChessBase"]
[SourceDate "2024.09.30"]
[SourceVersion "1"]
[SourceVersionDate "2024.09.30"]
[SourceQuality "1"]

1. e4 c5 2. d3 d6 3. g3 g6 4. Bg2 Bg7 5. f4 Nc6 6. Nf3 Nf6 7. c3 0-0 8. 0-0 Bg4 9. h3 Bxf3 10. Qxf3 Nd7 11. h4 f5 12. h5 Nf6 13. hxg6 hxg6 14. Nd2 Ng4 15. exf5 gxf5 16. Qd5+ Kh7 17. Nf3 Bh6 18. Bd2 Qd7 19. Rae1 Nf6 20. Qe6 Qxe6 21. Rxe6 Rae8 22. Rfe1 Kg7 23. Nh4 Ng4 24. Bd5 Rf6 25. Rxf6 Kxf6 26. Re6+ Kg7 27. Nxf5+ Kh7 28. Nxd6 Rd8 29. Bxc6 bxc6 30. Rxe7+ Kg8 31. Re6 Bg7 32. Kf1 Nh6 33. Ke2 Nf7 34. Nxf7 Kxf7 35. Rxc6 Rh8 36. Be3 Rh2+ 37. Bf2 Bf8 38. Rc7+ Ke6 39. c4 Be7 40. Rxa7 Bf6 41. Ra6+ Kf5 42. Kf3 Kg6 43. g4 Kf7 44. Bxc5 Bxb2 45. d4 Rh3+ 46. Ke4 Rh4 47. Kf5 Rh1 48. Ra7+ Ke8 1-0

[Event "Titled Tuesday intern op 13th Aug Early"]
[Site "Chess.com INT"]
[Date "2024.08.13"]
[Round "11"]
[White "Asylov, Miras"]
[Black "Nadanian, Ashot S"]
[Result "1-0"]
[WhiteElo "2300"]
[BlackElo "2248"]
[PlyCount "69"]
[EventDate "2024.08.13"]
[EventType "swiss (blitz)"]
[EventRounds "11"]
[EventCountry "USA"]
[SourceTitle "EXT 2025"]
[Source "ChessBase"]
[SourceDate "2024.10.14"]
[SourceVersion "1"]
[SourceVersionDate "2024.10.14"]
[SourceQuality "1"]

1. b3 e5 2. Bb2 Nc6 3. c4 Nf6 4. e3 d5 5. cxd5 Nxd5 6. a3 Be7 7. d3 0-0 8. Nf3 Bf6 9. Qc2 Re8 10. Nbd2 Bg4 11. Be2 Qd7 12. 0-0 Rad8 13. Rac1 Be7 14. b4 a6 15. h3 Bf5 16. Ne4 Bxh3 17. gxh3 Qxh3 18. Nh2 f5 19. Ng3 Rd6 20. Bf3 Red8 21. Bg2 Qh4 22. Nxf5 Qg5 23. Nxd6 Rxd6 24. Qc4 Kh8 25. Qg4 Qh6 26. Qc8+ Nd8 27. Bxe5 Rg6 28. Bg3 Nxe3 29. fxe3 Qxe3+ 30. Kh1 h5 31. Bxc7 Kh7 32. Bxd8 Bd6 33. Qh3 Bg3 34. Rc5 h4 35. Be4 1-0

[Event "Titled Tuesday intern op 13th Aug Early"]
[Site "Chess.com INT"]
[Date "2024.08.13"]
[Round "10"]
[White "Nadanian, Ashot S"]
[Black "Serban, Cristian Stefan"]
[Result "1-0"]
[WhiteElo "2248"]
[BlackElo "2283"]
[PlyCount "73"]
[EventDate "2024.08.13"]
[EventType "swiss (blitz)"]
[EventRounds "11"]
[EventCountry "USA"]
[SourceTitle "EXT 2025"]
[Source "ChessBase"]
[SourceDate "2024.10.14"]
[SourceVersion "1"]
[SourceVersionDate "2024.10.14"]
[SourceQuality "1"]

1. e4 c5 2. d3 Nc6 3. g3 g6 4. Bg2 Bg7 5. f4 e6 6. c3 Nge7 7. Be3 d6 8. Nf3 0-0 9. 0-0 b5 10. d4 cxd4 11. cxd4 e5 12. fxe5 dxe5 13. d5 Na5 14. Nbd2 f5 15. exf5 Nxf5 16. Bc5 Qxd5 17. Bxf8 Ne3 18. Bxg7 Nxd1 19. Bh6 Bb7 20. Raxd1 Qc5+ 21. Kh1 Rc8 22. Rde1 Nc6 23. Ne4 Qe7 24. Bh3 Ra8 25. Kg1 Nb4 26. Nfg5 Nd3 27. Be6+ Kh8 28. Nf7+ Kg8 29. Nxe5+ Qxe6 30. Nf6+ Qxf6 31. Rxf6 Nxe1 32. Rf7 Bd5 33. Rd7 Bxa2 34. Kf2 Nc2 35. Ng4 Be6 36. Nf6+ Kh8 37. Bg7# 1-0

[Event "Titled Tuesday intern op 06th Aug Early"]
[Site "Chess.com INT"]
[Date "2024.08.06"]
[Round "5"]
[White "Fernandez Bustamante, Leancy B"]
[Black "Nadanian, Ashot S"]
[Result "0-1"]
[WhiteElo "2141"]
[BlackElo "2248"]
[PlyCount "66"]
[EventDate "2024.08.06"]
[EventType "swiss (blitz)"]
[EventRounds "11"]
[EventCountry "USA"]
[SourceTitle "EXT 2025"]
[Source "ChessBase"]
[SourceDate "2024.10.14"]
[SourceVersion "1"]
[SourceVersionDate "2024.10.14"]
[SourceQuality "1"]

1. e4 d5 2. exd5 Qxd5 3. Nc3 Qa5 4. Nf3 Nf6 5. d4 Bg4 6. Be2 Nc6 7. Be3 0-0-0 8. 0-0 e5 9. Bb5 Nxd4 10. Nxd4 exd4 11. Qe1 dxe3 12. Qxe3 Bd6 13. a3 Qb6 14. Qg5 Rhg8 15. Na4 Qd4 16. c3 Qe5 17. Qxe5 Bxe5 18. f3 Bf5 19. f4 Bd6 20. c4 c6 21. c5 cxb5 22. cxd6 bxa4 23. Rac1+ Kb8 24. Rc7 Rxd6 25. Rxf7 Bg6 26. Re7 Rd7 27. Re5 Rgd8 28. f5 Bh5 29. h3 Rd2 30. Re7 R8d7 31. Re5 Rxb2 32. Rf2 Rd1+ 33. Rf1 Rdd2 0-1

[Event "Titled Tuesday intern op 06th Aug Early"]
[Site "Chess.com INT"]
[Date "2024.08.06"]
[Round "8"]
[White "Jocev, Milan"]
[Black "Nadanian, Ashot S"]
[Result "1/2-1/2"]
[WhiteElo "2246"]
[BlackElo "2248"]
[PlyCount "174"]
[EventDate "2024.08.06"]
[EventType "swiss (blitz)"]
[EventRounds "11"]
[EventCountry "USA"]
[SourceTitle "EXT 2025"]
[Source "ChessBase"]
[SourceDate "2024.10.14"]
[SourceVersion "1"]
[SourceVersionDate "2024.10.14"]
[SourceQuality "1"]

1. e4 d5 2. exd5 Qxd5 3. Nc3 Qa5 4. b4 Qxb4 5. Rb1 Qd6 6. d4 Nf6 7. Nb5 Qd8 8. c4 c6 9. Nc3 Bg4 10. f3 Bc8 11. Bg5 h6 12. Bf4 g5 13. Be3 Bg7 14. Qd2 b6 15. h4 Bf5 16. hxg5 hxg5 17. Rxh8+ Bxh8 18. Bd3 Bxd3 19. Qxd3 Nbd7 20. Bxg5 Qc7 21. Nge2 0-0-0 22. Bf4 e5 23. dxe5 Nxe5 24. Qf5+ Nfd7 25. c5 Kb7 26. Kf1 Nxc5 27. Ne4 Nxe4 28. Qxe4 Rd5 29. Rc1 Qd7 30. Qh7 Bf6 31. Qe4 Nd3 32. Rb1 Nc5 33. Qe3 Rh5 34. Ng3 Rd5 35. Ne2 Bg7 36. Bg3 Rh5 37. Kf2 Rd5 38. Kg1 Bf8 39. Bf2 Bd6 40. Nc3 Rh5 41. Ne4 Bh2+ 42. Kf1 Nxe4 43. Qxe4 Bc7 44. Qe3 Rh1+ 45. Bg1 Bh2 46. Kf2 Bxg1+ 47. Rxg1 Rh5 48. Re1 Rd5 49. Re2 c5 50. g4 Rd6 51. Kg3 Qc7 52. Qe7 Rd7+ 53. Qe5 Qxe5+ 54. Rxe5 Rc7 55. Re3 c4 56. Rc3 b5 57. a3 a5 58. Kf4 b4 59. axb4 axb4 60. Rc1 b3 61. Ke4 b2 62. Rb1 c3 63. Kd3 Ka6 64. Kc2 Kb5 65. Re1 Kc4 66. Re4+ Kd5 67. Rb4 Ke5 68. Re4+ Kf6 69. f4 Kg6 70. Rb4 Kg7 71. Rb5 Kf6 72. Rb6+ Ke7 73. f5 f6 74. Re6+ Kf7 75. Rb6 Rc4 76. Rb7+ Ke8 77. Rb6 Ke7 78. Rb7+ Ke8 79. Rb6 Rxg4 80. Kxc3 Rg3+ 81. Kxb2 Rf3 82. Rxf6 Ke7 83. Re6+ Kf7 84. Re5 Kf6 85. Rc5 Rf2+ 86. Kc3 Rxf5 87. Rxf5+ Kxf5 1/2-1/2